| 000 -LEADER |
| fixed length control field |
01221nam a2200229Ia 4500 |
| 003 - CONTROL NUMBER IDENTIFIER |
| control field |
OSt |
| 005 - DATE AND TIME OF LATEST TRANSACTION |
| control field |
20241009145052.0 |
| 007 - PHYSICAL DESCRIPTION FIXED FIELD--GENERAL INFORMATION |
| fixed length control field |
ca aa aaaaa |
| 008 - FIXED-LENGTH DATA ELEMENTS--GENERAL INFORMATION |
| fixed length control field |
201103s9999 xx 000 0 und d |
| 040 ## - CATALOGING SOURCE |
| Transcribing agency |
SSBUL |
| 041 ## - LANGUAGE CODE |
| Language code of text/sound track or separate title |
bur |
| 082 ## - DEWEY DECIMAL CLASSIFICATION NUMBER |
| Edition number |
23 |
| Classification number |
၂၉၄.၃၄၃၅ အောင် |
| Item number |
၉၁၀၉ S-SAT |
| 100 0# - MAIN ENTRY--PERSONAL NAME |
| Personal name |
အောင်ကြိုင်၊ မင်းဘူး- |
| 9 (RLIN) |
17286 |
| 245 10 - TITLE STATEMENT |
| Title |
လက်ရာစုံစွာအာနန္ဒာ / |
| Statement of responsibility, etc. |
မင်းဘူးအောင်ကြိုင်။ |
| 250 ## - EDITION STATEMENT |
| Edition statement |
တတိယအကြိမ်။ |
| 260 ## - PUBLICATION, DISTRIBUTION, ETC. |
| Place of publication, distribution, etc. |
ရန်ကုန် ၊ |
| Name of publisher, distributor, etc. |
အသိုင်းအဝိုင်းစာပေ၊ |
| Date of publication, distribution, etc. |
၁၉၉၇။ |
| 300 ## - PHYSICAL DESCRIPTION |
| Extent |
၂၃၇ စာမျက်နှာ ၊ |
| Other physical details |
ပုံများ ၊ |
| Dimensions |
၁၈ စင်တီ။ |
| 500 ## - GENERAL NOTE |
| General note |
၁၉၈၄ ခုနှစ်စာပေဗိမာန်စာမူဆုမြန်မာ့ယဉ်ကျေးမှုနှင့်အနုပညာဆိုင်ရာစာပေဒုတိယဆုရစာအုပ်ဖြစ်သည်။ |
|
| General note |
S-SAT: Dr. Sai Aung Tun |
| 650 ## - SUBJECT ADDED ENTRY--TOPICAL TERM |
| Topical term or geographic name entry element |
အာနန္ဒာဘုရား |
| General subdivision |
သမိုင်း |
| 9 (RLIN) |
54973 |
| 942 ## - ADDED ENTRY ELEMENTS (KOHA) |
| Source of classification or shelving scheme |
|
| Koha item type |
Book (Short term) |